Central Library OPAC University of Rajshahi

A Hundred things Japanese / (Record no. 25008)

MARC details
000 -LEADER
fixed length control field 00758cam a2200265 i 4500
001 - CONTROL NUMBER
control field 25008
003 - CONTROL NUMBER IDENTIFIER
rucl marc code BD-RjUL
005 - DATE AND TIME OF LATEST TRANSACTION
control field 20211209050822.0
008 - FIXED-LENGTH DATA ELEMENTS--GENERAL INFORMATION
fixed length control field 140316s1975 ja a 001 0 eng
020 ## - INTERNATIONAL STANDARD BOOK NUMBER
International Standard Book Number 0870403648
035 ## - SYSTEM CONTROL NUMBER
System control number (BD-RjUL)25077
040 ## - CATALOGING SOURCE
Original cataloging agency DLC
Transcribing agency DLC
Modifying agency DLC
-- BD-RjUL
Language of cataloging eng
041 ## - LANGUAGE CODE
Language code of text/sound track or separate title eng
082 00 - DEWEY DECIMAL CLASSIFICATION NUMBER
Classification number 952
Author mark and year HUN
245 02 - TITLE STATEMENT
Title A Hundred things Japanese /
Statement of responsibility, etc. edited by Japan Culture Institute
260 ## - PUBLICATION, DISTRIBUTION, ETC. (IMPRINT)
Place of publication, distribution, etc. Tokyo :
Name of publisher, distributor, etc. Japan Culture Institute,
Date of publication, distribution, etc. 1975.
300 ## - PHYSICAL DESCRIPTION
Pagination vi, 208 p. :
Illustrations ill. ;
Size 22 cm.
504 ## - BIBLIOGRAPHY, ETC. NOTE
Bibliography, etc Includes index.
651 #0 - SUBJECT ADDED ENTRY--GEOGRAPHIC NAME
Geographic name Japan
General subdivision Civilization.
9 (RLIN) 65133
Geographic name Japan
General subdivision Foreign public opinion.
9 (RLIN) 76922
710 2# - ADDED ENTRY--CORPORATE NAME
Corporate name or jurisdiction name as entry element Nihon Bunka Kenkyūjo.
9 (RLIN) 76923
942 ## - ADDED ENTRY ELEMENTS (KOHA)
Source of classification or shelving scheme Dewey Decimal Classification
Koha item type Books
Holdings
Lost status Source of classification or shelving scheme Damaged status Not for loan Collection code Permanent Location Current Location Shelving location Date acquired Source of acquisition Cost, normal purchase price Total Checkouts Full call number Date last seen Copy number Koha item type
  Dewey Decimal Classification   Added to bundle Non-fiction Central Library, University of Rajshahi Central Library, University of Rajshahi Reading Room 01/03/1978 Asia Fundation Gift 0.00   952 HUN 1975 16/03/2014 C-1 Books
  Dewey Decimal Classification     Non-fiction Central Library, University of Rajshahi Central Library, University of Rajshahi   24/04/1979 Japan Foundation     952 HUN 1976 04/02/2017 C-2 Books